LEADER 01176nam a2200277 a 4500 001 000000127585 003 CaOOAMICUS 005 20120209104619.0 008 120209s2011 it o u000 u ita r 040 $aPUL$bita 082 04$a909.8 100 1 $aDavis, Peter.$0(OLS)http://pul/name/81408 245 10$aPhantom F-4 II vs MiG-21 /$cPeter Davis. 260 $aMilano :$bRBA Italia,$c©2011. 300 $a95 p. :$bill., foto. ;$c25 cm. 490 1 $aGuerre contemporanee. Gli eserciti, gli armamenti, le scelte cruciali ;$v11 500 $aPubblicazione periodica settimanale. 651 4$aVietnam$xStoria$ySec. XX.$0(OLS)http://pul/subject/25136 830 0$aGuerre contemporanee.$pGli eserciti, gli armamenti, le scelte cruciali ;$v11.$0(OLS)http://pul/title/160108 850 $aPUL 852 $aPUL$W1$xDP2 Filosofia 3$y112$m909. 8 COLL 1.11$j147627$qDDC 21$B146249$CPULBib$Z2$F146249 $H118564 $82 941 1 $a9 996 $6082$a909.8$9(OLS)http://pul/classification/2131 996 $6245$aPhantom F-4 II vs MiG-21$9(OLS)http://pul/title/161230 996 $6260$aMilano :$bRBA Italia$9(OLS)http://pul/publisher/80118 LEADER 01264nam a2200265 a 4500 001 000000165305 003 CaOOAMICUS 005 20180125121109.0 008 180125s1998 it m u001 u ita r 032 $aLibriCat 040 $aPUL$bita 100 1 $aBae, Kyung Min Peter.$0(OLS)http://pul/name/106472 245 10$aApproccio ermeneutico alla missione della chiesa nel mondo attraverso i concetti fondamentali del Vangelo /$cBae Kyung Min Peter, K.M.S. 260 $aRoma :$b[s.n.],$c1998. 300 $a91 p. ;$c24 cm. 502 $aEstratto da tesi. Pontificia Universitą Urbaniana. Facultas Missiologiae. 1998. 504 $aBibliografia in nota a pič pagina. 650 4$aMissiologia.$0(OLS)http://pul/subject/9730 710 2 $aPontificia Universitą Urbaniana.$bFacoltą di missiologia$kTesi.$0(OLS)http://pul/name/84544 850 $aPUL 852 $aPUL$W1$xDP1 Tesi Pon. Univ. Urbaniana$y49$mTH URB 491$j189595$qTesi$B192634$CPULBib$Z2$F192634 $H78711 $81 941 1 $a16 996 $6245$aApproccio ermeneutico alla missione della chiesa nel mondo attraverso i concetti fondamentali del Vangelo$9(OLS)http://pul/title/204993 996 $6260$aRoma :$b[s.n.]$9(OLS)http://pul/publisher/47958